000 01035nam a22003257a 4500
003 CHAP
005 20220817041132.0
008 971013s1992 r 00010 d
010 _a7171
011 _a8143
035 _a7368
040 _cCHAP
082 _a331.891
_bM4
100 0 0 _aMercado, Patricia.
_974924
245 _aContratos colectivos y trabajo femenino
_b: o la protección de la fuerza de trabajo femenina
260 _aMéxico, D.F. :
_bFundación Friedrich Ebert,
_c1992
300 _a111 p.
490 _aEconomics. Working paper
_v; 39
500 _a64-138
590 _aBATCH-UPD
_b10
_c20130110
_lUCH01
_h1304
590 _aCONVERSION
_b10
_c20130109
_lUCH01
_h1305
650 1 4 _aContratos colectivos de trabajo.
_927453
650 1 4 _aMano de obra.
_970527
650 1 4 _aTrabajo de la mujer.
_9114490
650 1 4 _aTrabajo y trabajadores.
830 0 _aEconomics. Working paper
_v; 39
_935222
901 _aBK
942 _cLIBRO
949 _a331.891 M4
_bBC
_cLIBRO
_d33724000326484
_eLIBRO
_h83680
_i7368
_mD
_si
999 _c7171
_d7171